| 000 | 00542nam a22001577a 4500 | ||
|---|---|---|---|
| 020 | _a978-81-264-3936-2 | ||
| 022 | _aMEE/A | ||
| 082 |
_a894.812.3 _bMEE/A |
||
| 100 | _aMEERA, K.R | ||
| 245 | _aARACHAR | ||
| 260 |
_aKOTTAYAM _bDC BOOKS _c2013 |
||
| 300 | _a552 | ||
| 520 | _aSet in Bengal, it tells the story of a family of executioners with a long lineage, beginning in the fourth century BC. The protagonist of the novel, Chetna, is a strong and tenacious woman who struggles to inherit this profession. | ||
| 650 | _aNOVEL | ||
| 942 | _cBK | ||
| 999 |
_c4986 _d4986 |
||